La culture francaise dans l'espace chypriote : de 1192 a 1571 : de 1800 a 1971

Αποθηκεύτηκε σε:
Λεπτομέρειες βιβλιογραφικής εγγραφής
Κύριος συγγραφέας: Beraud, Sylvain, 1933-
Μορφή: Βιβλίο
Γλώσσα:English
Δημοσίευση: Nicosie : Service Culturel du Ministere de l' Education de Chypre, 1990
Θέματα:
Ετικέτες: Προσθήκη ετικέτας
Δεν υπάρχουν, Καταχωρήστε ετικέτα πρώτοι!

MARC

LEADER 00000cam a2200000 i 4500
001 1/88216
008 970411s1990 eng d
020 |a 9963-0-0016-9 
035 |a 1992  |b 2  |c Δωρεά  |l 10035446 
040 |a GR-MY-UA  |b gre  |e aacr 
041 0 |a eng 
082 0 |a 956.93 
100 1 |a Beraud, Sylvain,   |d 1933- 
245 1 3 |a La culture francaise dans l'espace chypriote :  |b de 1192 a 1571 : de 1800 a 1971 /  |c Sylvain Beraud 
260 |a Nicosie :   |b Service Culturel du Ministere de l' Education de Chypre,   |c 1990 
300 |a 203 p. 
651 0 |a Cyprus  |x Civilization. 
650 0 |a French  |z Cyprus. 
651 0 |a Cyprus  |x Relations  |z France. 
651 0 |a France  |x Relations  |z Cyprus. 
852 |a INST  |b RHODES  |e 19970411  |h 956.93 BER  |p 005400000298  |q 005400000298  |t BK  |y 0 
909 |a Ρ  |b 022288  |c 1992 
970 |z 2000/08/ΔΕΜΕΝΑΓΑΣ ΠΕΤΡΟΣ